01566nam a2200385 a 4500001001000000003000500010005001700015008004100032010001100073011001100084040000900095090001000104100004200114245006900156260004100225500006000266502009300326590003700419590004100456590004100497590004000538590004000578650002600618650004400644650003700688650005100725856001600776856007000792901000700862942001000869942000600879999001900885952013600904952014001040000110881CHAP20220329144149.0141017s2014 mx a fsm |||||||spa d a107343 a108315 cCHAP aTesis1 aArellanes Martínez, Refugio912863514aLos tarahumarash[En línea]cpor Refugio Arellanes Martínez. aChapingo, Méx. :bEl autor,c2014. aPara ver el contenido del material haga clic en la liga aTesis (Ing. Agr. Esp. en Sociología Rural) -- UACH. Departamento de Sociología Rural aBATCHb00c20181121lUCH01h0758 aE11695DGDb10c20141017lUCH01h1346 aE11695DGDb10c20141017lUCH01h1408 aE5995AHEb05c20141017lUCH01h1054 aE5995AHEb05c20141017lUCH01h105414aAlimentación.9410914aIndios de MéxicoxAgricultura.95762314aTarahumarasxEconomía.912820014aTarahumarasxVida social y costumbres.9128198 a1 n0000470 aFinding aiduhttp://10.13.5.2/tesis/sist110881.pdfzTeclea aquí aBK cTESIS n0 c107343d107343 00104054718TESISaBCbBCd2014-10-17fTESISl0oTesisp33724002424637r2019-12-31 00:00:00w2019-12-31yTESISzRecien adquirido 00102local4053708TESISaBCbBCcPA_TESISd2014-10-17fTESISl0oTesisp33724002424678r2019-12-31 00:00:00tc.2w2019-12-31yTESIS